|
|
|
|
| LEADER |
01134cam a2200289 7i4500 |
| 001 |
0000036283 |
| 005 |
20200601090000.0 |
| 007 |
##ta |
| 008 |
200207s2018 my |
| 020 |
# |
# |
|a 9781464812750
|
| 040 |
# |
# |
|a MATR
|
| 090 |
0 |
0 |
|a ARGT 382.30982
|b LIC
|
| 100 |
1 |
# |
|a Licetti, Martha Martinez
|e author
|
| 245 |
1 |
0 |
|a Strengthening Argentina's Integration into the Global Economy :
|b Policy Proposals for Trade, investment and Competition /
|c Martha Martinez Licetti; Mariana Lootty; Tanja Goodwin, Jose Signoret.
|
| 264 |
# |
1 |
|a Washington, D. C.:
|b World Bank Group,
|c 2018.
|
| 264 |
# |
4 |
|a ♭2018.
|
| 300 |
# |
# |
|a xiv, 154 pages:
|b illustrations;
|c 30 cm.
|
| 336 |
# |
# |
|a text
|2 rdacontent
|
| 337 |
# |
# |
|a unmediated
|2 rdamedia
|
| 338 |
# |
# |
|a volume
|2 rdacarrier
|
| 504 |
# |
# |
|a Includes bibliographical references and index
|
| 650 |
2 |
0 |
|a International economic relations
|
| 650 |
1 |
0 |
|a Argentina --
|x Commercial policy
|
| 650 |
2 |
0 |
|a Foreign trade promotion --
|z Argentina
|
| 650 |
2 |
0 |
|a Foreign trade regulation --
|z Argentina
|
| 650 |
2 |
0 |
|a Argentina --
|x Foreign economic relations
|
| 999 |
|
|
|a 0000040244
|b Book
|c Countries
|e Business Information Centre
|